La cuetas en la contabilidad de costos (Registro nro. 2036)
[ vista simple ]
| 000 -LEADER | |
|---|---|
| fixed length control field | 01220 a2200193 4500 |
| 001 - CONTROL NUMBER | |
| control field | 30141 |
| 005 - DATE AND TIME OF LATEST TRANSACTION | |
| control field | 20260407155612.0 |
| 008 - FIXED-LENGTH DATA ELEMENTS--GENERAL INFORMATION | |
| fixed length control field | 260407a1970 arg spa d |
| 003 - CONTROL NUMBER IDENTIFIER | |
| control field | AR-UNSa-BCEJYS |
| 040 ## - CATALOGING SOURCE | |
| Original cataloging agency | AR-UNSa-BCEJYS |
| Language of cataloging | spa |
| Transcribing agency | AR-UNSa-BCEJYS |
| 080 ## - UNIVERSAL DECIMAL CLASSIFICATION NUMBER | |
| Universal Decimal Classification number | 657.474.2 |
| Common auxiliary subdivision | Relaciones entre la contabilidad comercial y la contabilidad de costes<br/> |
| 100 1# - MAIN ENTRY--PERSONAL NAME | |
| Personal name | Aimar Franco, Osvaldo |
| 245 10 - TITLE STATEMENT | |
| Title | La cuetas en la contabilidad de costos |
| 264 #1 - PRODUCTION, PUBLICATION, DISTRIBUTION, MANUFACTURE, AND COPYRIGHT NOTICE | |
| Place of production, publication, distribution, manufacture | Buenos Aires : |
| Name of producer, publisher, distributor, manufacturer | El Coloquio |
| Date of production, publication, distribution, manufacture, or copyright notice | 1970 |
| 300 ## - PHYSICAL DESCRIPTION | |
| Extent | 152 p. |
| Dimensions | 22 cm. |
| 505 ## - FORMATTED CONTENTS NOTE | |
| Formatted contents note | 1. El mayor general - 2. Clasificación de cuentas: Su interrelación - 3. Organización contable - 4. Esquemas de las operaciones que registran costos - 5. Cuentas de control: Su relación con los mayores auxiliares - 6. Cuentas de control dual - 7. Registros de costos y fuentes informáticas contables. Los comprobantes - 8. Alternativas de las diversas formas de contabilidad y controal para materias primas, mano de obra y gastos - 9. Vinculació entre la contabilidad central y la industrial. Formas de separación. Registros independientes - 10. Vinculación con los presupuestos. La mecanización y la derivaciòn contable |
| 590 ## - LOCAL NOTE (RLIN) | |
| Local note | niveau_biblio:m niveau_hierar:0 |
| 942 ## - ADDED ENTRY ELEMENTS (KOHA) | |
| Koha item type | |
| Withdrawn status | Lost status | Damaged status | Not for loan | Home library | Current library | Shelving location | Date acquired | Total checkouts | Full call number | Barcode | Date last seen | Price effective from | Koha item type |
|---|---|---|---|---|---|---|---|---|---|---|---|---|---|
| Biblioteca Prof. Eusebio Cleto del Rey | Biblioteca Prof. Eusebio Cleto del Rey | 07/04/2026 | 657.474.2 A294 | L12815 | 07/04/2026 | 07/04/2026 | Libro |